Oxfordshire Places - Sudden Death - Statistics

General Stats
  • This quiz has been taken 64 times
  • The average score is 10 of 14
Answers on the Grid
Answers color-coded by a green-red scale on the quiz's grid according to % correct below.
Abingdon
Banbury
Bicester
Brackley
Chinnor
Chipping Norton
Colchester
Didcot
Eastleigh
Faringdon
Hartlepool
Havant
Henley-on-Thames
Kidlington
Loughborough
Macclesfield
Nuneaton
Oxford
Redditch
Rugby
St. Austell
St. Neots
Swindon
Taunton
Thame
Wallingford
Wantage
Witney
 
Answer Stats
Answer % Correct
Oxford
92%
Banbury
84%
Abingdon
80%
Didcot
80%
Bicester
78%
Chipping Norton
72%
Witney
72%
Thame
70%
Kidlington
68%
Henley-on-Thames
62%
Wantage
62%
Faringdon
60%
Wallingford
58%
Chinnor
52%
No matching quizzes found
Score Distribution
Percent of People with Each Score
Percentile by Number Answered
Your Score History
You have not taken this quiz